[Event "Athens Smaok-ch"]
[Site "Greece"]
[Date "2012.09.30"]
[Round "3.9"]
[White "Petrounias, Georgios"]
[Black "Maroulakos, Stavros"]
[Result "1-0"]
[WhiteElo "1342"]
[BlackElo "1675"]
[PlyCount "85"]
[EventDate "2012.09.16"]
[EventType "swiss"]
[EventRounds "7"]
[EventCountry "GRE"]
[SourceTitle "EXT 2024"]
[Source "ChessBase"]
[SourceDate "2023.10.10"]
[SourceVersion "1"]
[SourceVersionDate "2023.10.10"]
[SourceQuality "1"]

1. d4 d5 2. c4 c6 3. Nf3 Nf6 4. Nc3 dxc4 5. a4 e6 6. e3 Bb4 7. Bxc4 Ne4 8. Qc2 Ng5 9. Nxg5 Qxg5 10. 0-0 Bxc3 11. Qxc3 0-0 12. f4 Qe7 13. b3 Nd7 14. Ba3 c5 15. Bb5 b6 16. Bxd7 Bxd7 17. dxc5 Rfc8 18. Rac1 Bc6 19. Bb2 f6 20. Qc2 Bd5 21. b4 Rc7 22. e4 Bb7 23. Qc4 a5 24. e5 f5 25. Qb5 Ba6 26. Qxb6 Bxf1 27. Kxf1 axb4 28. Qxb4 Rb7 29. Qd4 Rd8 30. Qc3 Rdb8 31. c6 Rb4 32. Ba3 Rxf4+ 33. Kg1 Qe8 34. Bd6 Rc8 35. a5 Qf7 36. Rb1 Qa7+ 37. Rb6 Ra4 38. Qb3 Ra1+ 39. Kf2 Kf7 40. Ke2 Qxa5 41. Rb7+ Kg6 42. Qxe6+ Kg5 43. Rxg7+ 1-0